Géographie régionale : De la région au territoire (notice n° 1566639)
[ vue normale ]
| 000 -LEADER | |
|---|---|
| fixed length control field | 01323cam a2200133 4500500 |
| 005 - DATE AND TIME OF LATEST TRANSACTION | |
| control field | 20251214001959.0 |
| 041 ## - LANGUAGE CODE | |
| Language code of text/sound track or separate title | fre |
| 042 ## - AUTHENTICATION CODE | |
| Authentication code | dc |
| 100 10 - MAIN ENTRY--PERSONAL NAME | |
| Personal name | Claval, Paul |
| Relator term | author |
| 245 00 - TITLE STATEMENT | |
| Title | Géographie régionale : De la région au territoire |
| 260 ## - PUBLICATION, DISTRIBUTION, ETC. | |
| Name of publisher, distributor, etc. | Armand Colin,<br/> |
| Date of publication, distribution, etc. | 2006.<br/> |
| 520 ## - SUMMARY, ETC. | |
| Summary, etc. | La région et le pays : deux logiques complémentaires. Analyse régionale et analyse territoriale. L'évolution des études régionales. L'analyse régionale. L'analyse de l'espace vécu. Les facteurs de l'organisation régionale et de la structuration symbolique de l'espace. Écosystèmes et régions naturelles. La société dans l'espace. Les fondements économiques de la géographie régionale. Structuration symbolique de l'espace et territorialité. Paysage, région et territoire. Vie politique, région et territoire. Les formes et l'évolution de l'organisation régionale et de la structuration territoriale. L'évolution des formes d'organisation régionale. Les sociétés sans État. Organisation régionale et structuration territoriale des sociétés traditionnelles. Révolution industrielle, organisation régionale et structuration territoriale. Mondialisation et nouvel ordre territorial. |
| 856 41 - ELECTRONIC LOCATION AND ACCESS | |
| Uniform Resource Identifier | <a href="https://shs.cairn.info/geographie-regionale--9782200267148?lang=fr&redirect-ssocas=7080">https://shs.cairn.info/geographie-regionale--9782200267148?lang=fr&redirect-ssocas=7080</a> |
Pas d'exemplaire disponible.




Réseaux sociaux